[Event "San Francisco TNM Summer op"]
[Site "San Francisco"]
[Date "2015.07.14"]
[Round "8"]
[White "Zhao, Art"]
[Black "Gomez, David Flores"]
[Result "1-0"]
[WhiteElo "2208"]
[BlackElo "1809"]
[PlyCount "49"]
[EventDate "2015.05.26"]
[EventType "swiss"]
[EventRounds "8"]
[EventCountry "USA"]
[SourceTitle "EXT 2016"]
[Source "ChessBase"]
[SourceDate "2015.10.08"]
[SourceVersion "1"]
[SourceVersionDate "2015.10.08"]
[SourceQuality "1"]

1. d4 Nf6 2. c4 c5 3. d5 b5 4. cxb5 a6 5. bxa6 g6 6. Nc3 Bxa6 7. Nf3 Bg7 8. e4 Bxf1 9. Kxf1 d6 10. g3 Nbd7 11. h3 Qa5 12. Kg2 0-0 13. Qc2 Rfb8 14. Bd2 Qa6 15. a4 Ne8 16. b3 Ne5 17. Nxe5 Bxe5 18. Rab1 Ra7 19. Nb5 Rab7 20. Bc3 Bxc3 21. Qxc3 Nc7 22. Nxc7 Rxc7 23. e5 Rb4 24. exd6 Qxd6 25. Rhd1 1-0

[Event "San Francisco TNM Summer op"]
[Site "San Francisco"]
[Date "2015.06.16"]
[Round "4"]
[White "Zhao, Art"]
[Black "Andries, Craig"]
[Result "1-0"]
[WhiteElo "2208"]
[BlackElo "1913"]
[PlyCount "65"]
[EventDate "2015.05.26"]
[EventType "swiss"]
[EventRounds "8"]
[EventCountry "USA"]
[SourceTitle "EXT 2016"]
[Source "ChessBase"]
[SourceDate "2015.10.08"]
[SourceVersion "1"]
[SourceVersionDate "2015.10.08"]
[SourceQuality "1"]

1. d4 g6 2. c4 Bg7 3. Nc3 d6 4. e4 Nf6 5. f3 0-0 6. Be3 Nc6 7. Nge2 e5 8. d5 Ne7 9. Qd2 a6 10. g4 Rb8 11. Ng3 Bd7 12. a4 c5 13. h4 Ne8 14. h5 f6 15. hxg6 hxg6 16. Bd3 Kf7 17. g5 Rh8 18. Rxh8 Bxh8 19. Qh2 Bg7 20. gxf6 Nxf6 21. 0-0-0 Qa5 22. Qc2 Rh8 23. Rg1 Nh5 24. Nxh5 Rxh5 25. f4 Bh6 26. Qf2 Kg7 27. f5 Bxe3+ 28. Qxe3 Be8 29. f6+ Kxf6 30. Qf3+ Nf5 31. exf5 Rh2 32. fxg6+ Kg7 33. Rf1 1-0

[Event "San Francisco TNM Summer op"]
[Site "San Francisco"]
[Date "2014.07.08"]
[Round "7"]
[White "Zhao, Art"]
[Black "Byambaa, Uyanga"]
[Result "1-0"]
[WhiteElo "2037"]
[BlackElo "2136"]
[PlyCount "91"]
[EventDate "2013.05.28"]
[EventType "swiss"]
[EventRounds "8"]
[EventCountry "USA"]
[SourceTitle "EXT 2016"]
[Source "ChessBase"]
[SourceDate "2015.10.08"]
[SourceVersion "1"]
[SourceVersionDate "2015.10.08"]
[SourceQuality "1"]

1. d4 Nf6 2. c4 g6 3. Nc3 Bg7 4. e4 d6 5. f3 0-0 6. Be3 e5 7. d5 Nbd7 8. Qd2 a5 9. Nge2 Nc5 10. g4 Bxg4 11. fxg4 Nfxe4 12. Nxe4 Nxe4 13. Qd3 Qh4+ 14. Kd1 Qxg4 15. Rg1 Qh4 16. Bg2 Nf2+ 17. Bxf2 Qxf2 18. Kc2 f5 19. Raf1 Qc5 20. Kb1 a4 21. h4 a3 22. b3 e4 23. Qd2 Rae8 24. h5 b5 25. cxb5 Qxb5 26. hxg6 hxg6 27. Nf4 Rf6 28. Rc1 e3 29. Qe2 Qb4 30. Rc4 Qd2 31. Qxd2 exd2 32. Rd1 Bh6 33. Rxd2 Re1+ 34. Kc2 Rf7 35. Re2 Ra1 36. Kd3 Rd1+ 37. Kc3 Rc1+ 38. Rc2 Rxc2+ 39. Kxc2 g5 40. Ne6 g4 41. Nxc7 f4 42. Ne6 Rf5 43. Be4 Re5 44. Bg6 Rxe6 45. dxe6 Bg5 46. Rxf4 1-0

[Event "San Francisco TNM Summer op"]
[Site "San Francisco"]
[Date "2013.07.02"]
[Round "6"]
[White "Zhao, Art"]
[Black "Thornally, Frank"]
[Result "1/2-1/2"]
[WhiteElo "2037"]
[BlackElo "2218"]
[PlyCount "97"]
[EventDate "2013.05.28"]
[EventType "swiss"]
[EventRounds "8"]
[EventCountry "USA"]
[SourceTitle "EXT 2016"]
[Source "ChessBase"]
[SourceDate "2015.10.08"]
[SourceVersion "1"]
[SourceVersionDate "2015.10.08"]
[SourceQuality "1"]

1. d4 d5 2. c4 e6 3. Nc3 c5 4. cxd5 exd5 5. Nf3 Nc6 6. e3 Nf6 7. Bb5 Bd6 8. h3 0-0 9. 0-0 Bf5 10. dxc5 Bxc5 11. Bxc6 bxc6 12. Nd4 Bd7 13. Na4 Bd6 14. Qc2 Ne4 15. Nc3 Nxc3 16. bxc3 Qf6 17. Bb2 c5 18. Nf3 Bxh3 19. c4 d4 20. exd4 Rab8 21. Bc3 Qf4 22. Qc1 Qg4 23. Qg5 Qxg5 24. Nxg5 Bf5 25. Rfd1 Rfe8 26. dxc5 Be7 27. Nf3 Be4 28. Be5 Rb4 29. Nd2 Bc6 30. Bd6 Bf6 31. Rab1 Ra4 32. Re1 Rxe1+ 33. Rxe1 Rxa2 34. Ne4 Bd4 35. Rd1 Ra1 36. Rxa1 Bxa1 37. Nd2 a5 38. Nb3 Bc3 39. Kf1 f5 40. Ke2 a4 41. Nc1 Kf7 42. Na2 Ba5 43. f3 Ke6 44. Kd3 g5 45. Nc1 a3 46. Kc2 Ba4+ 47. Kb1 Bc3 48. Ka2 Bb2 49. Nd3 1/2-1/2

[Event "San Francisco TNM Summer op"]
[Site "San Francisco"]
[Date "2013.06.18"]
[Round "4"]
[White "Zhao, Art"]
[Black "Royzen, Igor"]
[Result "1-0"]
[WhiteElo "2037"]
[BlackElo "1844"]
[PlyCount "65"]
[EventDate "2013.05.28"]
[EventType "swiss"]
[EventRounds "8"]
[EventCountry "USA"]
[SourceTitle "EXT 2016"]
[Source "ChessBase"]
[SourceDate "2015.10.08"]
[SourceVersion "1"]
[SourceVersionDate "2015.10.08"]
[SourceQuality "1"]

1. d4 d5 2. c4 c6 3. Nf3 Nf6 4. Nc3 Bf5 5. e3 e6 6. Be2 Nbd7 7. 0-0 Bd6 8. b3 Ne4 9. Bb2 Qf6 10. Nxe4 dxe4 11. Nd2 Qh4 12. g3 Qg5 13. h4 Qh6 14. Kg2 Nf6 15. Rh1 Qg6 16. c5 Bc7 17. Nc4 0-0-0 18. Ba3 Nd5 19. Bh5 Qf6 20. Rc1 Bg6 21. Be2 h5 22. Nd6+ Kb8 23. Qc2 e5 24. dxe5 Qxe5 25. Rhd1 Nf6 26. Qc4 Nd5 27. Rc2 f6 28. Rd4 f5 29. Qa4 Rhf8 30. Nxb7 Kxb7 31. Ba6+ Kb8 32. Qxc6 Nxe3+ 33. Kg1 1-0

[Event "San Francisco TNM Marathon op"]
[Site "San Francisco"]
[Date "2012.08.28"]
[Round "5"]
[White "Zhao, Art"]
[Black "Wong, Russell"]
[Result "0-1"]
[WhiteElo "1982"]
[BlackElo "2221"]
[PlyCount "98"]
[EventDate "2012.07.31"]
[EventType "swiss"]
[EventRounds "9"]
[EventCountry "USA"]
[SourceTitle "EXT 2014"]
[Source "ChessBase"]
[SourceDate "2013.11.20"]
[SourceVersion "1"]
[SourceVersionDate "2013.11.20"]
[SourceQuality "1"]

1. d4 Nf6 2. c4 c5 3. d5 d6 4. Nc3 e5 5. e4 Be7 6. f3 a6 7. Be3 Nbd7 8. Bd3 0-0 9. Nge2 Ne8 10. 0-0 g6 11. Qc2 Ng7 12. a3 Bg5 13. Qd2 Bxe3+ 14. Qxe3 Qa5 15. Rfb1 Qd8 16. b4 f5 17. Na4 f4 18. Qd2 b6 19. bxc5 bxc5 20. Rb3 Rb8 21. Rxb8 Nxb8 22. Rb1 Nd7 23. Nec3 Nh5 24. Rb3 g5 25. Qb2 Nhf6 26. Nb6 Nxb6 27. Rxb6 g4 28. Be2 gxf3 29. Bxf3 Ng4 30. Bxg4 Bxg4 31. h3 f3 32. Nd1 Bc8 33. g4 Qh4 34. Kh2 Bxg4 35. Nf2 Bxh3 36. Rxd6 Bc8+ 37. Kg1 Qg3+ 38. Kf1 Qg2+ 39. Ke1 Qg1+ 40. Kd2 Qxf2+ 41. Kc3 Qxb2+ 42. Kxb2 f2 43. Rc6 f1Q 44. Rxc5 Bd7 45. Rc7 Rb8+ 46. Kc2 Qf2+ 47. Kc3 Qd4+ 48. Kc2 Rb2+ 49. Kc1 Qd2# 0-1

[Event "San Francisco TNM Summer op"]
[Site "San Francisco"]
[Date "2012.07.10"]
[Round "8"]
[White "Zhao, Art"]
[Black "Wong, Russell"]
[Result "1-0"]
[WhiteElo "2004"]
[BlackElo "2221"]
[PlyCount "53"]
[EventDate "2012.05.22"]
[EventType "swiss"]
[EventRounds "8"]
[EventCountry "USA"]
[SourceTitle "EXT 2014"]
[Source "ChessBase"]
[SourceDate "2013.11.20"]
[SourceVersion "1"]
[SourceVersionDate "2013.11.20"]
[SourceQuality "1"]

1. d4 Nf6 2. c4 g6 3. Nc3 Bg7 4. e4 d6 5. f3 0-0 6. Be3 c5 7. Nge2 Nc6 8. dxc5 dxc5 9. Qxd8 Rxd8 10. Bxc5 Nd7 11. Ba3 Nde5 12. Nf4 Na5 13. Bxe7 Rd7 14. Nfd5 Nexc4 15. 0-0-0 Nb6 16. Bb5 Nc6 17. Ba3 f6 18. Nxb6 axb6 19. Nd5 Ra5 20. Bxc6 bxc6 21. Ne7+ Rxe7 22. Bxe7 Kf7 23. Ba3 c5 24. Rd8 Be6 25. Rb8 Rb5 26. Rb7+ Kg8 27. Rd1 1-0

[Event "San Francisco TNM Summer op"]
[Site "San Francisco"]
[Date "2011.06.21"]
[Round "5"]
[White "Zhao, Art"]
[Black "Todortsev, Victor"]
[Result "0-1"]
[WhiteElo "1820"]
[BlackElo "1937"]
[PlyCount "68"]
[EventDate "2011.05.24"]
[EventType "swiss"]
[EventRounds "8"]
[EventCountry "USA"]
[SourceTitle "EXT 2016"]
[Source "ChessBase"]
[SourceDate "2015.10.08"]
[SourceVersion "1"]
[SourceVersionDate "2015.10.08"]
[SourceQuality "1"]

1. d4 e6 2. c4 d5 3. Nc3 Nf6 4. Nf3 a6 5. e3 dxc4 6. Bxc4 b5 7. Bd3 Bb7 8. 0-0 Nbd7 9. Qe2 c5 10. Rd1 Qc7 11. a3 Be7 12. Bd2 0-0 13. Rac1 c4 14. Bc2 Rfe8 15. e4 e5 16. d5 Bc5 17. Be3 Nf8 18. h3 Ng6 19. Bxc5 Qxc5 20. Qe3 Qd6 21. g3 Qd7 22. Qc5 Qxh3 23. a4 Nf4 24. gxf4 Qxf3 25. f5 Ng4 26. Rd2 h5 27. Bd1 Qf4 28. Rcc2 Qh2+ 29. Kf1 Qh1+ 30. Ke2 Rac8 31. Qb6 b4 32. Qxb4 h4 33. Qxb7 h3 34. f3 h2 0-1